LEADER 01508nam2-2200421li-450 001 990000225330203316 005 20180312154802.0 010 $a0-7923-2515-X 035 $a0022533 035 $aUSA010022533 035 $a(ALEPH)000022533USA01 035 $a0022533 100 $a2001998101993-------y0itay0103----ba 101 0 $aeng 102 $aUS 200 1 $a<> new superconducting electronics$fedited by Harold Weinstock and Richard W. Ralston 210 $aDordrecht [etc.]$cKluwer AcademicPublishers$dcopyr. 1993 215 $aVIII, 455 p.$cill.$d24 cm 225 2 $aNATO ASI. Series E, Applied sciences$v251 300 $acontiene gli atti di un convegno tenuto a waterville dal 9 al 20 agosto del 1992 410 0$1001000326439$12001$aNATO ASI. Series E, Applied sciences$v251 610 1 $acongressi$awaterville$a1992 610 1 $asuperconduttori$acongressi$a1992 676 $a6213$9Ingegneria elettromagnetica e branche connesse 702 1$aRalston,$bRichard W. 702 1$aWeinstock,$bHarold 801 $aSistema bibliotecario di Ateneo dell' Università di Salerno$gRICA 912 $a990000225330203316 951 $a530 ASI (251) (A)$b16441/cbs$c530$d00222668 959 $aBK 969 $aSCI 979 $c19981013 979 $c20001110$lUSA01$h1714 979 $c20020403$lUSA01$h1630 979 $aPATRY$b90$c20040406$lUSA01$h1616 979 $aRSIAV7$b90$c20090608$lUSA01$h1309 996 $aNew superconducting electronics$91502164 997 $aUNISA